| Tag |
First Indicator |
Second Indicator |
Subfields |
| LEADER |
00000cam a2200000 4500 |
| 001 |
in00000039362 |
| 005 |
20151007081657.0 |
| 008 |
750702r19441944 eng u |
| 010 |
|
|
|a 45001688
|
| 035 |
|
|
|a (OCoLC)01425251
|
| 035 |
|
|
|9 AAF6751AM
|
| 040 |
|
|
|c ORL
|d TXA
|d UtOrBLW
|
| 049 |
|
|
|a TXAM
|c [245292]
|
| 050 |
0 |
0 |
|a BX5013.S6
|b C59
|
| 082 |
0 |
|
|a 266.3
|
| 092 |
|
|
|a 266.3
|b C612e
|
| 100 |
1 |
|
|a Clarke, W. K. Lowther
|q (William Kemp Lowther),
|d 1879-1968.
|
| 245 |
1 |
0 |
|a Eighteenth century piety /
|c by W.K. Lowther Clarke.
|
| 264 |
|
1 |
|a London :
|b Society for promoting Christian knowledge;
|a New York :
|b The Macmillan company,
|c [1944]
|
| 300 |
|
|
|a vii, 160 pages :
|b plates, portraits ;
|c 22 cm.
|
| 336 |
|
|
|a text
|b txt
|2 rdacontent
|
| 337 |
|
|
|a unmediated
|b n
|2 rdamedia
|
| 338 |
|
|
|a volume
|b nc
|2 rdacarrier
|
| 500 |
|
|
|a "First published 1944"
|
| 500 |
|
|
|a "Contributes to the history of the S.P.C.K. first by summarising the books published by the society in the eighteenth century: secondly by telling the story of ...Henry Newman, secretary from 1708 to 1743."-Pref.
|
| 504 |
|
|
|a Bibliographical footnotes.
|
| 600 |
1 |
0 |
|a Newman, Henry,
|d 1670-1743.
|
| 610 |
2 |
0 |
|a Society for Promoting Christian Knowledge (Great Britain)
|
| 999 |
|
|
|a MARS
|
| 999 |
f |
f |
|s a78cdca8-18c2-3478-81ff-d41dc40c5b70
|i c9a29c42-782f-3b08-ae02-b26d6af2b989
|t 0
|
| 952 |
f |
f |
|p ric
|a Texas A&M University
|b Rellis Campus
|c Joint Library Facility
|d Remote Storage
|t 0
|e BX5013.S6 C59
|h Library of Congress classification
|i unmediated -- volume
|m A14800616939
|
| 998 |
f |
f |
|a BX5013.S6 C59
|t 0
|l Remote Storage
|